Statistiques concernant Auteur au pays °2

Cliquez ici pour prendre le quiz!

Statistiques générales

  • Ce quiz a été pris 73 fois
  • Le résultat moyen est 7 sur 14

Statistiques - réponses

AuteurPays% Correct
J.K.RowlingRoyaume-Uni
92%
Marguerite DurasFrance
86%
Amélie NothombBelgique
84%
Nikolai GogolRussie
80%
Toni MorrisonÉtats-Unis
70%
Thomas MannAllemagne
69%
Margaret AtwoodCanada
50%
Sofi OksanenFinlande
50%
Orhan PamukTurquie
41%
Liza MarklundSuede
36%
Inaam KachachiIrak
27%
Laura EsquivelMexique
19%
Khaled HosseiniAfghanistan
14%
MultatuliPays-bas
9%

Distribution des résultats

Percentile par nombre de réponses

% des personnes avec chaque résultat

Votre développement - résultats

Vous n’avez pas pris ce quiz